Oceania Country Trivia 1-6 - Statistics

General Stats
  • This quiz has been taken 16 times
  • The average score is 59 of 72
Answer Stats
Question Tile Select % Correct
Closest to Hawaii Australia No
100%
Smallest by population Australia No
100%
Are in the sub-region Micronesia Australia No
100%
Capitals Are: Nukuʻalofa, Apia, Suva, Wellington, Majuro and Palikir Australia No
100%
Smallest by population Fiji No
100%
Richest Kiribati No
100%
Smallest by population Micronesia No
100%
Richest Nauru No
100%
Closest to Hawaii New Zealand No
100%
Smallest by population New Zealand No
100%
Are in the sub-region Micronesia New Zealand No
100%
Smallest by population Papua New Guinea No
100%
Are in the sub-region Micronesia Papua New Guinea No
100%
Richest Tonga No
100%
Largest by population Australia Yes
93%
Closest to Hawaii Fiji No
93%
Capitals Are: Nukuʻalofa, Apia, Suva, Wellington, Majuro and Palikir Fiji Yes
93%
Largest by population Kiribati No
93%
Capitals Are: Nukuʻalofa, Apia, Suva, Wellington, Majuro and Palikir Kiribati No
93%
Largest by population Marshall Islands No
93%
Largest by population Micronesia No
93%
Closest to Hawaii Nauru No
93%
Largest by population Nauru No
93%
Smallest by population Nauru Yes
93%
Capitals Are: Nukuʻalofa, Apia, Suva, Wellington, Majuro and Palikir Nauru No
93%
Richest New Zealand Yes
93%
Closest to Hawaii Palau No
93%
Largest by population Palau No
93%
Closest to Hawaii Papua New Guinea No
93%
Largest by population Samoa No
93%
Smallest by population Samoa No
93%
Closest to Hawaii Tonga No
93%
Largest by population Tonga No
93%
Closest to Hawaii Tuvalu No
93%
Largest by population Tuvalu No
93%
Richest Tuvalu No
93%
Largest by population Fiji No
86%
Are in the sub-region Micronesia Fiji No
86%
Closest to Hawaii Kiribati Yes
86%
Smallest by population Kiribati No
86%
Closest to Hawaii Marshall Islands No
86%
Smallest by population Marshall Islands No
86%
Closest to Hawaii Micronesia No
86%
Richest Micronesia No
86%
Are in the sub-region Micronesia Nauru Yes
86%
Capitals Are: Nukuʻalofa, Apia, Suva, Wellington, Majuro and Palikir New Zealand Yes
86%
Richest Samoa No
86%
Richest Australia Yes
79%
Are in the sub-region Micronesia Micronesia Yes
79%
Capitals Are: Nukuʻalofa, Apia, Suva, Wellington, Majuro and Palikir Papua New Guinea No
79%
Closest to Hawaii Samoa No
79%
Smallest by population Tonga No
79%
Are in the sub-region Micronesia Palau Yes
71%
Richest Papua New Guinea No
71%
Are in the sub-region Micronesia Samoa No
71%
Capitals Are: Nukuʻalofa, Apia, Suva, Wellington, Majuro and Palikir Samoa Yes
71%
Capitals Are: Nukuʻalofa, Apia, Suva, Wellington, Majuro and Palikir Tonga Yes
71%
Smallest by population Palau Yes
64%
Capitals Are: Nukuʻalofa, Apia, Suva, Wellington, Majuro and Palikir Palau No
64%
Are in the sub-region Micronesia Tonga No
64%
Capitals Are: Nukuʻalofa, Apia, Suva, Wellington, Majuro and Palikir Tuvalu No
64%
Richest Fiji No
57%
Are in the sub-region Micronesia Kiribati Yes
57%
Capitals Are: Nukuʻalofa, Apia, Suva, Wellington, Majuro and Palikir Marshall Islands Yes
57%
Capitals Are: Nukuʻalofa, Apia, Suva, Wellington, Majuro and Palikir Micronesia Yes
57%
Largest by population New Zealand No
57%
Smallest by population Tuvalu Yes
57%
Are in the sub-region Micronesia Tuvalu No
50%
Are in the sub-region Micronesia Marshall Islands Yes
43%
Largest by population Papua New Guinea Yes
36%
Richest Marshall Islands Yes
21%
Richest Palau Yes
0%
No matching quizzes found
Score Distribution
Percent of People with Each Score
Percentile by Number Answered
Your Score History
You have not taken this quiz